000 01788cam a22004814i 4500
003 PE-LiUPU
005 20250731172939.0
008 150623s r 000 0 d
020 _a0310200296
035 _a(Sirsi) i9780310200291
040 _aPE-LiUPU
_bspa
_cPE-LiUPU
_erda
049 _aPRUA
082 0 4 _a234.13
_bB84
_221
100 1 _aBrown, Michael L.,
_eautor.
245 1 0 _aIsrael's divine healer /
_cMichael L. Brown.
264 1 _aMichigan :
_bZondervan Publishing House,
_c1995.
300 _a462 páginas ;
_c20 centímetros
336 _atext
_2rdacontent
337 _aunmediated
_2rdamedia
338 _avolume
_2rdacarrier
490 0 _aStudies in Old Testament Biblical Theology
504 _aIncluye bibliografía.
505 0 _aHuman physicians and healing Deities.- Israel's Divine Healer in the Torah and Historical Books.- Israel's Divine Healer in Poetryand Wisdom literature.- Israel's Divine Healer in the prophetic Books.- Israel's Divine Healer in the new testament.- Conclusions and reflections.
526 _aSEG42
526 _aSEG41
526 _aSEG40
526 _aSEG39
526 _aP94
526 _aP87
526 _aP86
526 _aP85
526 _aP77
526 _aP76
526 _aP35
630 _aBiblia.
_pA.T.
_xCrítica, interpretación, etc.
650 0 4 _aSanidad en la Biblia.
942 _2ddc
_cBOOK
949 _a234.13 B84
_wDEWEY
_c1
_i44491
_lCCODEBUL1
_mBUL
_r0
_sY
_tBOOK
_u2015-6-24
_xTEOLOGIA
_PP35
_0COMPRA
_o.STAFF. Colección General
994 _aC0
_bPEPRU
596 _a1
999 _a234.13 B84
_wDEWEY
_c21371
_i44491
_f2021-11-10
_g5
_lCCODEBUL1
_mBUL
_r0
_sY
_tBOOK
_u2015-6-24
_xTEOLOGIA
_PP35
_0COMPRA
_o.STAFF. Colección General
_d21371
980 _81
_gALBERTO SANCHEZ Responsable de Automatización